000 00702nam a2200193Ii 4500
003 JO-AjNU
008 230605s9999||||xx |||||||||||||| ||und||
040 _aJO-AjNU
_bara
_erda
_cJO-AjNU
041 _aara
050 1 4 _aPJ7525.A2864.K4296 1986
100 3 _aخالص،وليد محمود,
_eauthor
_924753
245 0 0 _aأبو العلاء المعري..ناقداً
264 3 1 _aالعين: مكتبة المكتبة، 1986
300 _a350ص
336 _atext
_btxt
_2rdacontent
337 _aunmediated
_bn
_2rdamedia
338 _avolume
_bnc
_2rdacarrier
650 4 _aالادباء العرب-العصر العباسي-تراجم-تاريخ ونقد-أبو العلاء المعري
_924754
999 _aA9166
_c12734
_d12734